Gaming Quiz

Random Gaming or Toys Quiz

5x5 in 90: Mixed Gaming Minefield Blitz Quiz Stats

 Plays Quiz Updated Oct 14, 2021

Support Sporcle.
Go Orange.
Score 0/25 Timer 01:30
11 Plays Today
% Correct
???
58.8%
???
53.7%
???
53.1%
???
52.1%
???
51.9%
???
51.1%
???
49.6%
???
49.4%
???
48.9%
???
48%
???
46.5%
???
46.4%
???
45.5%
% Correct
???
45.1%
???
45%
???
40.8%
???
37.6%
???
36.5%
???
36.2%
???
34.7%
???
33%
???
30.9%
???
26.7%
???
25.9%
???
23.5%

From the Vault

UnPatriotic Presidents

by Hikergal

History 2m
Not quite as political as you might think.
Remove Ads.
Support Sporcle.
Get the best of Sporcle when you Go Orange. This ad-free experience offers more features, more stats, and more fun while also helping to support Sporcle. Thank you for becoming a member.

Show Comments

Extras

Top Quizzes Today


Score Distribution

Your Account Isn't Verified!

In order to create a playlist on Sporcle, you need to verify the email address you used during registration. Go to your Sporcle Settings to finish the process.

Report this User

Report this user for behavior that violates our Community Guidelines.

Details: